El populoso barrio de Santo Tomás de La Palma y sus transformaciones urbanas en la primera década del siglo XX/ (Registro nro. 107250)

Detalles MARC
000 -LEADER
campo de control de longitud fija 02220nam a2200493 i 4500
001 - NÚMERO DE CONTROL
campo de control MOR01000107577
003 - IDENTIFICADOR DE NÚMERO DE CONTROL
campo de control $$amxcmmo
005 - FECHA Y HORA DE LA ÚLTIMA TRANSACCIÓN
campo de control 20260331231008.0
008 - DATOS DE LONGITUD FIJA--INFORMACIÓN GENERAL
campo de control de longitud fija 190305s2018 cmmd g bi 000 0 spa d
035 ## - NÚMERO DE CONTROL DEL SISTEMA
Número de control de sistema 190582
040 ## - FUENTE DE CATALOGACIÓN
Centro catalogador/agencia de origen mxcmmo
Lengua de catalogación spa
Centro/agencia transcriptor mxcmmo
Normas de descripción rda
041 0# - CÓDIGO DE IDIOMA
Código de lengua del texto/banda sonora o título independiente spa
043 ## - CÓDIGO DE ÁREA GEOGRÁFICA
Código de área geográfica n-mx-df
045 ## - PERIODO DE TIEMPO DEL CONTENIDO
Código de periodo de tiempo x0x9
082 04 - NÚMERO DE LA CLASIFICACIÓN DECIMAL DEWEY
Número de clasificación 307.76
Número de ítem NIE.p
100 1# - ENTRADA PRINCIPAL--NOMBRE DE PERSONA
Nombre de persona Nieto Cuevas, María Guadalupe
Término indicativo de función/relación autor
9 (RLIN) 192495
245 13 - MENCIÓN DEL TÍTULO
Título El populoso barrio de Santo Tomás de La Palma y sus transformaciones urbanas en la primera década del siglo XX/
Mención de responsabilidad, etc. María Guadalupe Nieto Cuevas; directora Marisa Margarita Pérez Domínguez
264 #1 - PRODUCCIÓN, PUBLICACIÓN, DISTRIBUCIÓN, FABRICACIÓN Y COPYRIGHT
Fecha de producción, publicación, distribución, fabricación o copyright 2018
300 ## - DESCRIPCIÓN FÍSICA
Extensión xvi, 187 páginas:
Otras características físicas diagramas;
Dimensiones 24 cm
336 ## - TIPO DE CONTENIDO
Término de tipo de contenido texto
Código de tipo de contenido txt
Fuente rdacontent
337 ## - TIPO DE MEDIO
Nombre/término del tipo de medio sin medio
Código del tipo de medio n
Fuente rdamedia
338 ## - TIPO DE SOPORTE
Nombre/término del tipo de soporte volumen
Código del tipo de soporte nc
Fuente rdacarrier
500 ## - NOTA GENERAL
Nota general Disponible en BIBLIOTECA DIGITAL
502 ## - NOTA DE TESIS
Nota de tesis Tesis
Tipo de título Maestría.
Nombre de la institución que otorga el título Instituto de Investigaciones Dr. José María Luis Mora, Historia Moderna y Contemporánea
Año de obtención del título 2018
504 ## - NOTA DE BIBLIOGRAFÍA, ETC.
Nota de bibliografía, etc. Nota Incluye referencias bibliográficas (páginas 172-182)
541 0# - NOTA DE FUENTE DE ADQUISICIÓN DIRECTA
Fuente de adquisición Instituto Mora
Forma de adquisición Depósito
650 #7 - PUNTO DE ACCESO ADICIONAL DE MATERIA--TÉRMINO DE MATERIA
Término de materia o nombre geográfico como elemento de entrada Barrios
Subdivisión geográfica Ciudad de México
-- Santo Tomás La Palma
Subdivisión general Historia
9 (RLIN) 192496
650 #7 - PUNTO DE ACCESO ADICIONAL DE MATERIA--TÉRMINO DE MATERIA
Término de materia o nombre geográfico como elemento de entrada Ciudades y pueblos
Subdivisión general Crecimiento
Subdivisión geográfica Ciudad de México
-- Santo Tomás La Palma
Subdivisión general Historia
9 (RLIN) 192497
650 #7 - PUNTO DE ACCESO ADICIONAL DE MATERIA--TÉRMINO DE MATERIA
Término de materia o nombre geográfico como elemento de entrada Urbanización
Subdivisión geográfica Ciudad de México
-- Santo Tomás La Palma
Subdivisión general Historia
9 (RLIN) 192498
651 #7 - PUNTO DE ACCESO ADICIONAL DE MATERIA--NOMBRE GEOGRÁFICO
Nombre geográfico Santo Tomás La Palma (Ciudad de México)
Subdivisión general Historia
9 (RLIN) 192499
700 1# - ENTRADA AGREGADA--NOMBRE PERSONAL
Nombre de persona Pérez Domínguez, Marisa
Fechas asociadas al nombre 1959-
Término indicativo de función/relación asesora
9 (RLIN) 205634
710 2# - ENTRADA AGREGADA--NOMBRE DE ENTIDAD CORPORATIVA
Nombre de entidad corporativa o nombre de jurisdicción como elemento de entrada Instituto de Investigaciones Dr. José María Luis Mora (México, D.F.)
Unidad subordinada Maestría en Historia Moderna y Contemporánea
9 (RLIN) 97788
856 ## - LOCALIZACIÓN Y ACCESO ELECTRÓNICOS
Identificador Uniforme de Recurso <a href="https://mora.koha.es/odigital/compressed_MaraGNieto_Populosobarrio_000157236.pdf">https://mora.koha.es/odigital/compressed_MaraGNieto_Populosobarrio_000157236.pdf</a>
Nota pública Acceso PDF
900 ## - ELEMENTOS DE DATOS A LOCAL, LDA (RLIN)
Nombre de persona CATY
Numeración Verónica Silva
Títulos y otros términos asociados al nombre 20190325
Lenguaje de la obra MOR01
-- 0915
900 ## - ELEMENTOS DE DATOS A LOCAL, LDA (RLIN)
Nombre de persona LUIS
Numeración 20
Títulos y otros términos asociados al nombre 20190305
Lenguaje de la obra MOR01
-- 1144
900 ## - ELEMENTOS DE DATOS A LOCAL, LDA (RLIN)
Nombre de persona LUIS
Numeración 20
Títulos y otros términos asociados al nombre 20190305
Lenguaje de la obra MOR01
-- 1144
900 ## - ELEMENTOS DE DATOS A LOCAL, LDA (RLIN)
Nombre de persona MARC21
Numeración 40
Títulos y otros términos asociados al nombre 20190327
Lenguaje de la obra MOR01
-- 1040
900 ## - ELEMENTOS DE DATOS A LOCAL, LDA (RLIN)
Nombre de persona VOBO
Numeración 40
Títulos y otros términos asociados al nombre 20190326
Lenguaje de la obra MOR01
-- 1328
900 ## - ELEMENTOS DE DATOS A LOCAL, LDA (RLIN)
Nombre de persona VOBO
Numeración 40
Títulos y otros términos asociados al nombre 20190327
Lenguaje de la obra MOR01
-- 1100
900 ## - ELEMENTOS DE DATOS A LOCAL, LDA (RLIN)
Nombre de persona VOBO
Numeración 40
Títulos y otros términos asociados al nombre 20190430
Lenguaje de la obra MOR01
-- 1411
900 ## - ELEMENTOS DE DATOS A LOCAL, LDA (RLIN)
Nombre de persona VOBO
Numeración 40
Títulos y otros términos asociados al nombre 20190516
Lenguaje de la obra MOR01
-- 1325
904 ## - ELEMENTOS DE DATOS D LOCAL, LDD (RLIN)
a UPDATE
942 ## - ELEMENTOS DE ENTRADA SECUNDARIOS (KOHA)
Código de la institución [OBSOLETO] BK
901 ## - ELEMENTOS DE DATOS A LOCAL LDA (RLIN)
a batch batch
Existencias
Estatus retirado Estado de pérdida Fuente del sistema de clasificación o colocación Estado de daño No para préstamo Colección Biblioteca de origen Biblioteca actual Ubicación en estantería Fecha de adquisición Fuente de adquisición Número de inventario Total de préstamos Signatura topográfica completa Código de barras Visto por última vez Precio de reemplazo Tipo de ítem Koha Nota pública
    Clasificación Decimal Dewey       Biblioteca Digital Biblioteca Digital   20/02/2025       CDIG D03014 20/02/2025 20/02/2025 Digitalizado BIBLIOTECA DIGITAL
    Clasificación Decimal Dewey     Tesis MORA Biblioteca Instituto Mora Biblioteca Instituto Mora Regular 25/03/2019   135195   (TM)/307.76 NIE.p 33068011385699 03/09/2024 03/09/2024 Libro préstamo regular BIBLIOTECA DIGITAL